Classement du Ballon d'or 1993 - Statistiques

Statistiques générales
  • Ce quiz a été pris 91 fois
  • Le résultat moyen est 10 sur 30
Statistiques - réponses
Classement Joueur Club du joueur Nationalité % Correct
3 Eric Cantona Manchester United France
92%
7 Paolo Maldini AC Milan Italie
86%
21 Dino Baggio Juventus FC Italie
83%
1 Roberto Baggio Juventus FC Italie
83%
10 Ryan Giggs Manchester United Pays de Galles
77%
5 Michael Laudrup FC Barcelone Danemark
74%
15 Basile Boli Olympique de Marseille France
59%
6 Franco Baresi AC Milan Italie
59%
13 Peter Schmeichel Manchester United Danemark
55%
20 Jari Litmanen Ajax Amsterdam Finlande
53%
12 Ruud Gullit UC Sampdoria Pays-Bas
53%
2 Dennis Bergkamp Ajax Amsterdam / Inter Milan Pays-Bas
47%
19 Ronald Koeman FC Barcelone Pays-Bas
45%
14 Hristo Stoitchkov FC Barcelone Bulgarie
35%
4 Alen Boksic Olympique de Marseille / Lazio Rome Croatie
26%
17 Enzo Scifo Torino FC / AS Monaco Belgique
26%
24 Franck Sauzée Olympique de Marseille / Atalanta Bergame France
23%
26 Tomas Brolin Parme FC Suède
23%
9 Stéphane Chapuisat Borussia Dortmund Suisse
15%
8 Emil Kostadinov FC Porto Bulgarie
11%
23 David Platt Juventus FC / UC Sampdoria Angleterre
6%
11 Andreas Möller Juventus FC Allemagne
5%
27 Martin Dahlin Borussia Mönchengladbach Suède
5%
18 Andreas Herzog Werder Brême Autriche
2%
28 Georges Grün Parme FC Belgique
0%
25 Giuseppe Signori Lazio Rome Italie
0%
30 Paul McGrath Aston Villa République d'Irlande
0%
16 Rune Bratseth Werder Brême Norvège
0%
22 Sergueï Kiriakov Karlsruher SC Russie
0%
29 Stélios Manolas AEK Athènes FC Grèce
0%
Aucun quiz correspondant
Distribution des résultats
% des personnes avec chaque résultat
Percentile par nombre de réponses
Votre historique - résultats
Vous n’avez pas pris ce quiz